LEADER 00895cam0-22003131i-4500 001 990004091380403321 005 20161201160650.0 010 $a0-312-21541-X 035 $a000409138 035 $aFED01000409138 035 $a(Aleph)000409138FED01 035 $a000409138 100 $a19990530d1999----km-y0itay50------ba 101 0 $aeng 102 $aGB 105 $ay-------00-yy 200 1 $aKafka and Pinter shadow-boxing$ethe struggle between father and son$fRaymond Armstrong 210 $aLondon$cMacMillan press$d1999 215 $aX, 198 p.$d23 cm 610 0 $aPinter, Harold 676 $a822.914$v22$zita 700 1$aArmstrong,$bRaymond$0158548 801 0$aIT$bUNINA$gRICA$2UNIMARC 901 $aBK 912 $a990004091380403321 952 $a822.914 PINT/S 3$bBibl.27327$fFLFBC 959 $aFLFBC 996 $aKafka and Pinter shadow-boxing$9477838 997 $aUNINA LEADER 02682oas 2200949 a 450 001 9910673909503321 005 20260218111806.0 011 $a1973-9095 035 $a(OCoLC)435502894 035 $a(CONSER) 2024210954 035 $a(CKB)1000000000392142 035 $a(MiAaPQ)39738 035 $a(DE-599)ZDB2485892-4 035 $a(DE-599)2485892-4 035 $a(EXLCZ)991000000000392142 100 $a20090901a20089999 uy a 101 0 $aeng 135 $aur||||||||||| 181 $ctxt$2rdacontent 182 $cc$2rdamedia 183 $acr$2rdacarrier 200 00$aEuropean journal of physical and rehabilitation medicine 210 $aTurin, Italy $cEdizioni Minerva Medica 300 $aRefereed/Peer-reviewed 300 $aIssues for called also: Mediterrean journal of physical and rehabilitation medicine. 311 08$a1973-9087 517 1 $aMediterranean journal of physical and rehabilitation medicine 517 1 $aEur J Phys Rehabil Med 606 $aMedicine, Physical$vPeriodicals 606 $aMedical rehabilitation$vPeriodicals 606 $aPhysical and Rehabilitation Medicine 606 $aRehabilitation 606 $aMe?decine physique$vPe?riodiques 606 $aRe?adaptation$vPe?riodiques 606 $aMe?decine physique 606 $aRe?adaptation 606 $apardons$2aat 606 $aMedical rehabilitation$2fast 606 $aMedicine, Physical$2fast 606 $aRehabilitation$2fast 608 $aPeriodical. 608 $aperiodicals.$2aat 608 $aPeriodicals$2fast 608 $aPeriodicals.$2lcgft 608 $aPe?riodiques.$2rvmgf 615 0$aMedicine, Physical 615 0$aMedical rehabilitation 615 12$aPhysical and Rehabilitation Medicine. 615 12$aRehabilitation. 615 6$aMe?decine physique 615 6$aRe?adaptation 615 6$aMe?decine physique. 615 6$aRe?adaptation. 615 7$apardons. 615 7$aMedical rehabilitation 615 7$aMedicine, Physical 615 7$aRehabilitation 676 $a615.8205 801 0$bHNK 801 1$bHNK 801 2$bOCLCS 801 2$bHEBIS 801 2$bOCLCQ 801 2$bOCLCF 801 2$bOCLCQ 801 2$bAPAHS 801 2$bZ5A 801 2$bAPUMS 801 2$bWYU 801 2$bOCLCO 801 2$bOCLCA 801 2$bVT2 801 2$bOCLCO 801 2$bOCL 801 2$bOCLCQ 801 2$bOCLCO 801 2$bDLC 801 2$bOCLCQ 906 $aJOURNAL 912 $a9910673909503321 996 $aEuropean journal of physical and rehabilitation medicine$92392281 997 $aUNINA